|
|
|
|
| LEADER |
00967cam a2200277 a 4500 |
| 001 |
c000275112 |
| 003 |
CARM |
| 005 |
20071029184048.0 |
| 008 |
720811s1972 nyua b 000 0 eng |
| 010 |
|
|
|a 72189446
|
| 019 |
1 |
|
|a 622230
|
| 040 |
|
|
|a LC
|b eng
|c LC
|d ANL:NR
|
| 050 |
0 |
0 |
|a HF5566
|b .D35
|
| 082 |
0 |
4 |
|a 658.8/8
|
| 100 |
1 |
|
|a Davey, Patrick J.
|
| 245 |
1 |
0 |
|a Managing trade receivables /
|c [by Patrick J. Davey.
|
| 260 |
|
|
|a New York, :
|b Conference Board,
|c 1972].
|
| 300 |
|
|
|a iv, 100 p. :
|b illus. ;
|c 28 cm.
|
| 490 |
1 |
|
|a Conference Board report no. 540
|
| 500 |
|
|
|a Cover title.
|
| 504 |
|
|
|a Bibliography: p. 96.
|
| 650 |
|
0 |
|a Credit
|x Management.
|
| 810 |
2 |
|
|a Conference Board.
|t Conference Board report ;
|v no. 540.
|
| 852 |
8 |
|
|b CARM
|h A1:AM25D0
|i F03046
|p 0391927
|f BK
|
| 999 |
f |
f |
|i c202415a-bf6a-577c-8ebb-0023ecd83689
|s 3547ab49-a9dc-5480-a756-6c4ed8bedf86
|
| 952 |
f |
f |
|p Can circulate
|a CAVAL
|b CAVAL
|c CAVAL
|d CARM 1 Store
|e F03046
|f A1:AM25D0
|h Other scheme
|i book
|m 0391927
|